000 01118cam a2200265 a 4500
001 14490574
005 20171218050654.0
008 060810s2007 mdua b 001 0 eng
010 _a 2006026205
020 _a086587171X (pbk. : alk. paper)
020 _a9780865871717 (pbk. : alk. paper)
035 _a(OCoLC)ocm70911152
040 _aDLC
_cDLC
_dYDX
_dBAKER
_dYDXCP
_dBTCTA
_dCRH
_dVRC
_dZNL
_dDLC
041 _aeng
043 _an-us---
080 _a363.11 MAR
082 0 0 _a363.11 MAR
_222
100 1 _a3
101 _aSHM
245 1 0 _aFundamentals of occupational safety and health /
_cMark A. Friend and James P. Kohn.
504 _aIncludes bibliographical references and index.
906 _a7
_bcbc
_corignew
_d1
_eecip
_f20
_gy-gencatlg
942 _2ddc
_cBK
999 _c39055
_d39055